Countries of the World - Map Quiz - Statistics

General Stats
  • This quiz has been taken 175 times
    171 since last reset
  • The average score is 77 of 182
Answers on the Map
Answers color-coded by a green-red scale on the quiz's map according to % correct below.
 
Answer Stats
Answer % Correct
India
78%
Russia
74%
Saudi Arabia
68%
Nepal
66%
Australia
61%
Belarus
61%
United Kingdom
61%
Mexico
58%
South Korea
58%
Brazil
57%
Canada
57%
United States
57%
Uruguay
57%
Cyprus
55%
Eritrea
55%
Iran
55%
Ireland
55%
Panama
55%
Venezuela
55%
Armenia
54%
Bolivia
54%
Netherlands
54%
New Zealand
54%
Argentina
53%
China
53%
Colombia
53%
Japan
53%
Pakistan
53%
Spain
53%
Sweden
53%
Algeria
51%
Bahamas
51%
Haiti
51%
Poland
51%
Chile
50%
Cuba
50%
Denmark
50%
Iceland
50%
Indonesia
50%
North Korea
50%
Philippines
50%
Tunisia
50%
Ukraine
50%
Cape Verde
49%
Egypt
49%
Finland
49%
France
49%
Germany
49%
Kazakhstan
49%
Madagascar
49%
Malaysia
49%
Mongolia
49%
Portugal
49%
Sri Lanka
49%
Austria
47%
Belgium
47%
Dominican Republic
47%
Peru
47%
South Africa
47%
Uganda
47%
Afghanistan
46%
Bangladesh
46%
Bosnia and Herzegovina
46%
Ecuador
46%
Italy
46%
Namibia
46%
Paraguay
46%
Uzbekistan
46%
Angola
45%
Cambodia
45%
Chad
45%
Croatia
45%
Greece
45%
Iraq
45%
Jordan
45%
Maldives
45%
Morocco
45%
Oman
45%
Switzerland
45%
Turkey
45%
Democratic Republic of the Congo
43%
Ethiopia
43%
Libya
43%
Papua New Guinea
43%
Djibouti
42%
Estonia
42%
Kuwait
42%
Malta
42%
Myanmar
42%
Norway
42%
Syria
42%
Taiwan
42%
Benin
41%
Costa Rica
41%
Eswatini
41%
Georgia
41%
Laos
41%
Mauritania
41%
Rwanda
41%
Somalia
41%
Tajikistan
41%
Turkmenistan
41%
Botswana
39%
El Salvador
39%
Guatemala
39%
Hungary
39%
Kyrgyzstan
39%
Latvia
39%
Lesotho
39%
Mali
39%
Nigeria
39%
Sudan
39%
Suriname
39%
United Arab Emirates
39%
Albania
38%
Cameroon
38%
Honduras
38%
Ivory Coast
38%
Romania
38%
Vietnam
38%
Zimbabwe
38%
Azerbaijan
36%
Belize
36%
Bhutan
36%
Burkina Faso
36%
East Timor
36%
Kenya
36%
Lithuania
36%
Luxembourg
36%
Montenegro
36%
Nicaragua
36%
Niger
36%
Qatar
36%
Seychelles
36%
Slovenia
36%
Central African Republic
35%
Czech Republic
35%
Guyana
35%
Moldova
35%
Mozambique
35%
Slovakia
35%
South Sudan
35%
Thailand
35%
Equatorial Guinea
34%
Israel
34%
Lebanon
34%
Serbia
34%
Yemen
34%
Bulgaria
32%
Comoros
32%
Jamaica
32%
North Macedonia
32%
Sao Tome and Principe
32%
Senegal
32%
Tanzania
32%
Togo
32%
Burundi
31%
Guinea
31%
Guinea-Bissau
31%
Kiribati
31%
Kosovo
31%
Liberia
31%
Malawi
31%
Marshall Islands
31%
Zambia
31%
Federated States of Micronesia
30%
Mauritius
30%
Republic of the Congo
30%
Brunei
28%
Gabon
28%
Fiji
27%
Ghana
27%
Sierra Leone
27%
Trinidad and Tobago
24%
Palau
23%
Solomon Islands
23%
Gambia
22%
Nauru
22%
Tuvalu
22%
Samoa
20%
Tonga
20%
Vanuatu
19%
No matching quizzes found
Score Distribution
Percent of People with Each Score
Percentile by Number Answered
Your Score History
You have not taken this quiz since the last reset